Atención diferenciada 1: marco teórico y metodológico
| Institution som forfatter: | |
|---|---|
| Format: | Bog |
| Sprog: | spansk |
| Udgivet: |
[Lima, Perú] :
USAID,
[Sin fecha de publicación]
|
| Fag: |
MARC
| LEADER | 00000nam a2200000 4500 | ||
|---|---|---|---|
| 008 | 171011bs.f. pe a|||| |||| 00| | spa d | ||
| 999 | |c 3437 |d 3437 | ||
| 090 | |a 06.03.06 |b 2427 | ||
| 110 | 2 | |9 3234 |a Universidad Peruana Cayetano Heredia. Facultad de Educación | |
| 245 | 1 | 0 | |a Atención diferenciada 1: marco teórico y metodológico |
| 260 | |a [Lima, Perú] : |b USAID, |c [Sin fecha de publicación] | ||
| 300 | |a 90 páginas; |b ilustraciones | ||
| 650 | 1 | 4 | |9 367 |a EDUCACIÓN PRIMARIA |
| 650 | 1 | 4 | |9 2 |a EDUCACIÓN INCLUSIVA |
| 650 | 1 | 4 | |9 387 |a APRENDIZAJE |
| 942 | |i 004360 |h 06.03.06 2427 |2 z |c 01 | ||
